La Educación Pública en la Regíon Cusco : (Record no. 23191)

000 -CABECERA
fixed length control field 01020nam a22002417i 4500
003 - IDENTIFICADOR DEL NÚMERO DE CONTROL
control field AR-CdUCM
008 - DATOS DE LONGITUD FIJA--INFORMACIÓN GENERAL
fixed length control field 250123b20232023 pe||||| |||| 00| 0 spa d
020 ## - NÚMERO INTERNACIONAL ESTÁNDAR DEL LIBRO
ISBN 978-612-47305-9-7
040 ## - FUENTE DE LA CATALOGACIÓN
Agencia/entidad que catalogó originalmente la obra MUNICIPALIDAD PROVINCIAL DEL CUSCO
Entidad que transcribió la catalogación BIBLIOTECA MUNICIPAL DEL CUSCO
082 ## - NÚMERO DE LA CLASIFICACIÓN DECIMAL DEWEY
No. de Clasificación 379.85 / G68
Notacion interna G68
100 ## - ENTRADA PRINCIPAL--NOMBRE DE PERSONA
Nombre Personal Gonzales Ríos, José Alipio
245 ## - MENCIÓN DE TÍTULO
Título La Educación Pública en la Regíon Cusco :
Resto del título Políticas y sistemas educativos 1821-1920 /
260 ## - PUBLICACIÓN, DISTRIBUCIÓN, ETC.
Lugar de publicación, distribución, etc. Wanchaq-Cusco :
Nombre de la editorial, distribuidor, etc. Sieteculebras Editores
Fecha de publicación, distribución, etc. 2023
300 ## - DESCRIPCIÓN FÍSICA
Nº de Páginas Extensión 103 páginas. :
Dimensiones 13x20 cm.
500 ## - NOTA GENERAL
Bibliografía Bibliografía: páginas 101-123
505 ## - NOTA DE CONTENIDO CON FORMATO
Nota de contenido formateada Resultados de políticas educativas -- Gobiernos militares y la educación -- La riqueza de guano de las islas en la educación 1845-1878 -- La guerra con Chile y la educación -- Los terratenientes y la Escuela Rural
650 ## - PUNTO DE ACCESO ADICIONAL DE MATERIA--TÉRMINO DE MATERIA
Descriptor Educación
9 (RLIN) 460
650 ## - PUNTO DE ACCESO ADICIONAL DE MATERIA--TÉRMINO DE MATERIA
Descriptor Gobiernos militares
9 (RLIN) 50956
650 ## - PUNTO DE ACCESO ADICIONAL DE MATERIA--TÉRMINO DE MATERIA
Descriptor Escuela rural
9 (RLIN) 3956
942 ## - ELEMENTOS DE PUNTO DE ACCESO ADICIONAL (KOHA)
Fuente de clasificación
Tipo de item Libros-BMC
945 ## - PROCESAMIENTO DE INFORMACIÓN LOCAL (OCLC)
Catalogador pbjr
AAAA-MM-DD - Fecha de ingreso o modificacion 23-01-2025
Holdings
Estado de retiro (separado) Fuente de clasificación o esquema de estanterías Estado dañado Ubicación Sala donde se ubica Nombre de la colección Fecha de adquisición o compra Fuente de adquisición Costo, precio normal en soles Signatura topográfica Código de Barras Última vez visto (Koha) Tipo de ítem (Koha)
No     Sala Humanidades Sala Humanidades Book Cart 2025-01-23 Depósito legal 15.00 379.85 / G68 SH0000016901 2025-01-23 Libros-BMC

Powered by Koha